000 00363nam a2200133Ia 4500
005 20260326100040.0
008 260326s9999||||xx |||||||||||||| ||und||
100 _ade Hostos, Adolfo
245 0 _aHistoria de San Juan, Ciudad Murada /
_cAdolfo de Hostos
260 _bIntituto de Cultura Puertorriqueña
300 _a555 p.
650 _aURBANISMO
942 _cBK
999 _c6988
_d6988